Logic-Based Program Synthesis and Transformation: 8th International Workshop, LOPSTR ´98, Manchester UK, June 1998 /

Salvato in:
Dettagli Bibliografici
Altri autori: Flener, Pierre (Redattore)
Natura: Libro
Lingua:inglese
Pubblicazione: Heidelberg: Springer-Verlag, 1999
Edizione:1. vyd.
Serie:Lecture Notes in Computer Science 1559.
Tags: Aggiungi Tag
Nessun Tag, puoi essere il primo ad aggiungerne!!

MARC

LEADER 00000nam a22000003a 4500
001 0016704
003 SK-STU
005 20160830150737.5
007 ta
008 160830s ----xo-----e------000-0-----d
020 |a 3-540-65765-7 
040 |a STU  |b slo 
041 0 |a eng 
044 |a gw 
100 1 |a Flener, Pierre  |4 edt 
245 1 0 |a Logic-Based Program Synthesis and Transformation:  |b 8th International Workshop, LOPSTR ´98, Manchester UK, June 1998 /  |c ed. Pierre Flener 
250 |a 1. vyd. 
260 |a Heidelberg:  |b Springer-Verlag,  |c 1999 
300 |a 330 s. 
490 0 |a Lecture Notes in Computer Science  |v 1559. 
996 |c I*Z8019  |l I  |s A  |a 24  |w 0016704_0001